[Event "Berlin-ch"]
[Site "Berlin"]
[Date "2023.04.08"]
[Round "1"]
[White "Dimitrijeski, Kristian"]
[Black "Poltorak, Sebastian"]
[Result "0-1"]
[WhiteElo "2120"]
[BlackElo "2368"]
[PlyCount "60"]
[EventDate "2023.04.08"]
[EventType "swiss"]
[EventRounds "9"]
[EventCountry "GER"]
[SourceTitle "CBM 213 Extra"]
[Source "ChessBase"]
[SourceDate "2023.05.31"]
[SourceVersion "1"]
[SourceVersionDate "2023.05.31"]
[SourceQuality "1"]

1. d4 Nf6 2. c4 g6 3. Nc3 d5 4. cxd5 Nxd5 5. e4 Nxc3 6. bxc3 Bg7 7. Nf3 c5 8. Bb5+ Nc6 9. 0-0 cxd4 10. cxd4 0-0 11. Be3 Bg4 12. Bxc6 bxc6 13. Rc1 Qd7 14. Qa4 Bxf3 15. gxf3 Qh3 16. Qxc6 e5 17. d5 Qxf3 18. d6 Qg4+ 19. Kh1 Rfd8 20. Rfd1 h5 21. Rg1 Qf3+ 22. Rg2 h4 23. Kg1 Kh7 24. d7 Bh6 25. Bxh6 Kxh6 26. Qd5 Rab8 27. Qxe5 Rxd7 28. Rxg6+ fxg6 29. Qxb8 h3 30. Qh8+ Rh7 0-1

[Event "EU-Cup 37th"]
[Site "Mayrhofen"]
[Date "2022.10.03"]
[Round "1.8"]
[White "Dimitrijeski, Kristian"]
[Black "Bernadskiy, Vitaliy"]
[Result "0-1"]
[WhiteElo "2154"]
[BlackElo "2570"]
[PlyCount "90"]
[EventDate "2022.10.03"]
[EventType "team-swiss"]
[EventRounds "7"]
[EventCountry "AUT"]
[SourceTitle "CBM 210 Extra"]
[Source "ChessBase"]
[SourceDate "2022.11.30"]
[SourceVersion "1"]
[SourceVersionDate "2022.11.30"]
[SourceQuality "1"]
[WhiteTeam "Koenig Tegel"]
[BlackTeam "Silla Valencia"]
[WhiteTeamCountry "GER"]
[BlackTeamCountry "ESP"]

1. d4 e6 2. e4 d5 3. exd5 exd5 4. Nf3 Nc6 5. Bb5 Bd6 6. 0-0 Nge7 7. c4 dxc4 8. Nc3 0-0 9. Bg5 h6 10. Bh4 Bg4 11. Bxc6 bxc6 12. h3 Be6 13. Ne5 Bxe5 14. dxe5 Qxd1 15. Raxd1 Nf5 16. Bg3 Rab8 17. Rd2 Nxg3 18. fxg3 Rfd8 19. Rfd1 Rxd2 20. Rxd2 h5 21. Kf2 Kf8 22. Ke3 Ke7 23. Kf4 g6 24. a3 Bf5 25. Ne2 Bd3 26. Nc1 Ke6 27. Ne2 Bxe2 28. Rxe2 Rd8 29. Re4 Rd2 30. Rxc4 Kd5 31. Ra4 Rf2+ 32. Ke3 Rxg2 33. Kf3 Rxb2 34. Rxa7 c5 35. Rxc7 c4 36. Rxf7 Kxe5 37. Re7+ Kd4 38. Rd7+ Kc3 39. Rd6 Rb3 40. Rxg6 Kb2+ 41. Kf4 c3 42. Rc6 c2 43. Rxc2+ Kxc2 44. a4 Ra3 45. Kg5 Rxg3+ 0-1

[Event "Bundesliga 2122"]
[Site "Germany"]
[Date "2022.07.09"]
[Round "14.4"]
[White "Hausrath, Daniel"]
[Black "Dimitrijeski, Kristian"]
[Result "1-0"]
[WhiteElo "2480"]
[BlackElo "2137"]
[PlyCount "73"]
[EventDate "2022.03.05"]
[EventType "team-tourn"]
[EventRounds "15"]
[EventCountry "GER"]
[SourceTitle "CBM 209 Extra"]
[Source "ChessBase"]
[SourceDate "2022.09.30"]
[SourceVersion "1"]
[SourceVersionDate "2022.09.30"]
[SourceQuality "1"]
[WhiteTeam "Muelheim Nord"]
[BlackTeam "Koenig Tegel"]
[WhiteTeamCountry "GER"]
[BlackTeamCountry "GER"]

1. Nf3 d5 2. g3 Nf6 3. Bg2 e6 4. 0-0 Be7 5. b3 0-0 6. c4 c5 7. Bb2 Nc6 8. e3 b6 9. Qe2 Bb7 10. Nc3 Rc8 11. d3 a6 12. Rad1 Qc7 13. cxd5 Nxd5 14. Nxd5 exd5 15. d4 Rfd8 16. Rd2 cxd4 17. Nxd4 Bb4 18. Nxc6 Qxc6 19. Qg4 Bc3 20. Bxc3 Qxc3 21. Rfd1 Rc5 22. h4 h6 23. Qf4 a5 24. Kh2 f6 25. Rd4 Qb2 26. R1d2 Rc2 27. Rxc2 Qxc2 28. e4 Qc5 29. exd5 Qd6 30. Qe3 Kf8 31. Rd2 Re8 32. Qd3 Kg8 33. Qg6 Qe5 34. Rc2 Rc8 35. d6 Rxc2 36. Qxc2 Bxg2 37. d7 1-0

[Event "Bundesliga 2122"]
[Site "Germany"]
[Date "2022.07.08"]
[Round "12.2"]
[White "Dimitrijeski, Kristian"]
[Black "Lutz, Ruben"]
[Result "0-1"]
[WhiteElo "2137"]
[BlackElo "2109"]
[PlyCount "58"]
[EventDate "2022.03.05"]
[EventType "team-tourn"]
[EventRounds "15"]
[EventCountry "GER"]
[SourceTitle "CBM 209 Extra"]
[Source "ChessBase"]
[SourceDate "2022.09.30"]
[SourceVersion "1"]
[SourceVersionDate "2022.09.30"]
[SourceQuality "1"]
[WhiteTeam "Koenig Tegel"]
[BlackTeam "Dresden TU"]
[WhiteTeamCountry "GER"]
[BlackTeamCountry "GER"]

1. e4 e6 2. d3 d5 3. Qe2 Nf6 4. Nf3 b6 5. e5 Nfd7 6. g3 Bb7 7. Bg2 c5 8. 0-0 Nc6 9. c4 d4 10. Re1 Qc7 11. Na3 h6 12. Nb5 Qb8 13. h4 a6 14. Na3 Be7 15. Bf4 Qc7 16. Nc2 0-0-0 17. a3 Rdg8 18. Qd2 g5 19. hxg5 hxg5 20. Bxg5 Bxg5 21. Nxg5 Ncxe5 22. f4 Rxg5 23. fxg5 Nf3+ 24. Bxf3 Qxg3+ 25. Bg2 Rh2 26. Re2 Ne5 27. Rf1 Ng4 28. Rxf7 Rh1+ 29. Kxh1 Qh2# 0-1

[Event "Oberliga Nord O 2122"]
[Site "Germany"]
[Date "2022.05.01"]
[Round "9.3"]
[White "Noetzel, Felix"]
[Black "Dimitrijeski, Kristian"]
[Result "0-1"]
[WhiteElo "2215"]
[BlackElo "2149"]
[PlyCount "96"]
[EventDate "2021.10.31"]
[EventType "team-tourn"]
[EventRounds "9"]
[EventCountry "GER"]
[SourceTitle "EXT 2023"]
[Source "ChessBase"]
[SourceDate "2022.10.05"]
[SourceVersion "1"]
[SourceVersionDate "2022.10.05"]
[SourceQuality "1"]
[WhiteTeam "Berlin SF III"]
[BlackTeam "Koenig Tegel II"]
[WhiteTeamCountry "GER"]
[BlackTeamCountry "GER"]

1. e4 e5 2. Nf3 Nc6 3. d4 exd4 4. Nxd4 Nf6 5. Nxc6 bxc6 6. e5 Qe7 7. Qe2 Nd5 8. c4 Ba6 9. b3 g6 10. g3 Bg7 11. Bb2 0-0 12. Bg2 Rae8 13. 0-0 Bxe5 14. Qxe5 Qxe5 15. Bxe5 Rxe5 16. cxd5 Bxf1 17. Kxf1 cxd5 18. Nc3 c6 19. Rd1 Rfe8 20. Bf3 Kf8 21. Ne2 Ke7 22. Rd4 Kd6 23. Ra4 Ra8 24. b4 Ree8 25. Ra5 f5 26. h4 Reb8 27. a3 Rb5 28. Ra6 Rb6 29. Ra5 Rb5 30. Rxb5 cxb5 31. Nc3 Rb8 32. Nxd5 Rc8 33. Kg2 Ke5 34. Nf4 Rc3 35. Be2 a6 36. Nd3+ Kd6 37. Nc5 Rxa3 38. h5 gxh5 39. Bxh5 Ke7 40. Be2 a5 41. bxa5 b4 42. a6 b3 43. a7 b2 44. Na6 b1Q 45. a8Q Ra1 46. Kh3 Qb6 47. Kg2 Qh6 48. Bf1 Qc1 0-1

[Event "Oberliga Nord O 1920"]
[Site "Germany"]
[Date "2020.01.19"]
[Round "5.4"]
[White "Dimitrijeski, Kristian"]
[Black "Seils, Joerg"]
[Result "0-1"]
[WhiteElo "2137"]
[BlackElo "2321"]
[PlyCount "64"]
[EventDate "2019.09.29"]
[EventType "team-tourn"]
[EventRounds "9"]
[EventCountry "GER"]
[SourceTitle "CBM 195 Extra"]
[Source "ChessBase"]
[SourceDate "2020.05.31"]
[SourceVersion "1"]
[SourceVersionDate "2020.05.31"]
[SourceQuality "1"]

1. d4 Nf6 2. c4 e6 3. Nc3 d5 4. cxd5 exd5 5. Bg5 Be7 6. e3 c6 7. Bd3 Nbd7 8. Qc2 0-0 9. Nf3 Re8 10. 0-0 Nf8 11. h3 Be6 12. Na4 N6d7 13. Bxe7 Qxe7 14. b4 Qf6 15. Qe2 a6 16. Nc5 Nxc5 17. bxc5 Rad8 18. Ne5 Qh6 19. Qf3 f6 20. Ng4 Qg5 21. Rab1 Bc8 22. Rfe1 Re7 23. Nh2 h5 24. Nf1 h4 25. Nd2 Rde8 26. Nb3 f5 27. Kf1 Rf7 28. Rb2 Ne6 29. Kg1 Qh6 30. Reb1 f4 31. exf4 Nxf4 32. Qd1 Qg5 0-1

[Event "Amsterdam Science Park op-A"]
[Site "Amsterdam"]
[Date "2019.07.14"]
[Round "9"]
[White "Dimitrijeski, Kristian"]
[Black "Wunnink, Michael"]
[Result "1/2-1/2"]
[WhiteElo "2186"]
[BlackElo "2214"]
[PlyCount "42"]
[EventDate "2019.07.06"]
[EventType "swiss"]
[EventRounds "9"]
[EventCountry "NED"]
[SourceTitle "CBM 191 Extra"]
[Source "ChessBase"]
[SourceDate "2019.09.30"]
[SourceVersion "1"]
[SourceVersionDate "2019.09.30"]
[SourceQuality "1"]

1. d4 Nf6 2. c4 e6 3. Nc3 Bb4 4. Qc2 0-0 5. Nf3 d5 6. cxd5 exd5 7. Bg5 h6 8. Bh4 c5 9. e3 cxd4 10. Nxd4 Nc6 11. Rd1 Bg4 12. Be2 Nxd4 13. Rxd4 Bxc3+ 14. bxc3 Bxe2 15. Bxf6 Qxf6 16. Qxe2 Rac8 17. Qd3 Rc5 18. 0-0 Qc6 19. Rc1 Rc8 20. g3 b5 21. Qf5 Qe6 1/2-1/2

[Event "Belgrade Summer IM-A 2nd"]
[Site "Belgrade"]
[Date "2019.06.28"]
[Round "7"]
[White "Dimitrijeski, Kristian"]
[Black "Sapale, Saloni"]
[Result "1/2-1/2"]
[WhiteElo "2167"]
[BlackElo "2192"]
[PlyCount "50"]
[EventDate "2019.06.24"]
[EventType "tourn"]
[EventRounds "11"]
[EventCountry "SRB"]
[EventCategory "2"]
[SourceTitle "EXT 2020"]
[Source "ChessBase"]
[SourceDate "2019.10.17"]
[SourceVersion "1"]
[SourceVersionDate "2019.10.17"]
[SourceQuality "1"]

1. d4 Nf6 2. c4 g6 3. Nc3 d5 4. cxd5 Nxd5 5. e4 Nxc3 6. bxc3 Bg7 7. Qa4+ Nd7 8. Nf3 0-0 9. Be2 c5 10. Be3 Nf6 11. Qc2 Ng4 12. 0-0 Nxe3 13. fxe3 Bh6 14. Qd2 cxd4 15. cxd4 b6 16. Ne5 Bg7 17. Nf3 Bb7 18. e5 Rc8 19. Rfd1 f6 20. exf6 exf6 21. Rac1 Qe7 22. Rxc8 Rxc8 23. Rc1 Rxc1+ 24. Qxc1 Bh6 25. Kf2 Bd5 1/2-1/2

[Event "Belgrade Summer IM-A 2nd"]
[Site "Belgrade"]
[Date "2019.06.26"]
[Round "4"]
[White "Dimitrijeski, Kristian"]
[Black "Milanovic, Slavisa"]
[Result "0-1"]
[WhiteElo "2167"]
[BlackElo "2359"]
[PlyCount "68"]
[EventDate "2019.06.24"]
[EventType "tourn"]
[EventRounds "11"]
[EventCountry "SRB"]
[EventCategory "2"]
[SourceTitle "EXT 2020"]
[Source "ChessBase"]
[SourceDate "2019.10.17"]
[SourceVersion "1"]
[SourceVersionDate "2019.10.17"]
[SourceQuality "1"]

1. d4 e6 2. c4 Nf6 3. Nc3 Bb4 4. Qc2 Nc6 5. Nf3 0-0 6. Bd2 d6 7. a3 Bxc3 8. Bxc3 Qe7 9. e3 e5 10. d5 Nb8 11. Be2 c6 12. dxc6 Nxc6 13. 0-0 a5 14. b4 b6 15. Rfd1 Bb7 16. Qb2 Ne4 17. Rac1 axb4 18. Bxb4 Nc5 19. Rb1 Na5 20. Bxa5 bxa5 21. Qd2 Ra6 22. Ne1 Rc8 23. f3 a4 24. e4 Nb3 25. Qe3 Rac6 26. Nc2 Rc5 27. Qd3 R5c6 28. Qe3 Qc7 29. Bf1 Kf8 30. Qa7 Rb6 31. Qxa4 Bc6 32. Qxb3 Rxb3 33. Rxb3 Ba4 34. Rc3 Qb6+ 0-1

[Event "Berlin Lieb Memorial 5th"]
[Site "Berlin"]
[Date "2019.05.10"]
[Round "2"]
[White "Dimitrijeski, Kristian"]
[Black "Reck, Jessica"]
[Result "1-0"]
[WhiteElo "2167"]
[BlackElo "1677"]
[PlyCount "60"]
[EventDate "2019.05.03"]
[EventType "swiss"]
[EventRounds "7"]
[EventCountry "GER"]
[SourceTitle "EXT 2020"]
[Source "ChessBase"]
[SourceDate "2019.10.17"]
[SourceVersion "1"]
[SourceVersionDate "2019.10.17"]
[SourceQuality "1"]

1. d4 b6 2. c4 Bb7 3. Nc3 e6 4. Nf3 f5 5. g3 Nf6 6. Bg2 Ne4 7. 0-0 Be7 8. d5 Nxc3 9. bxc3 Bf6 10. Nd4 Bxd4 11. Qxd4 0-0 12. e4 Na6 13. Ba3 Rf7 14. f4 Qc8 15. e5 c5 16. Qd3 Re7 17. Rfd1 exd5 18. cxd5 c4 19. Qxf5 Nc5 20. Qc2 d6 21. exd6 Re3 22. Qf2 Rxc3 23. Bxc5 Qxc5 24. Qxc5 bxc5 25. Rdc1 Rd3 26. Bf1 Rd4 27. Rxc4 Bxd5 28. Rxc5 Be6 29. Re5 Rxd6 30. Rxe6 Rxe6 1-0

[Event "Berlin-ch MT"]
[Site "Berlin"]
[Date "2019.04.27"]
[Round "8"]
[White "Boettcher, Patrick"]
[Black "Dimitrijeski, Kristian"]
[Result "1/2-1/2"]
[WhiteElo "2076"]
[BlackElo "2164"]
[PlyCount "111"]
[EventDate "2019.04.20"]
[EventType "swiss"]
[EventRounds "9"]
[EventCountry "GER"]
[SourceTitle "EXT 2020"]
[Source "ChessBase"]
[SourceDate "2019.10.17"]
[SourceVersion "1"]
[SourceVersionDate "2019.10.17"]
[SourceQuality "1"]

1. e4 e5 2. Nf3 Nc6 3. Bb5 Nf6 4. 0-0 Nxe4 5. d4 Nd6 6. Bxc6 dxc6 7. dxe5 Nf5 8. Qxd8+ Kxd8 9. Nc3 Ne7 10. h3 Ng6 11. Bg5+ Ke8 12. Rad1 Bd7 13. Rfe1 h6 14. Bc1 Bb4 15. Re3 Bxc3 16. Rxc3 Ke7 17. b3 Rhd8 18. Nd4 Ke8 19. Rcd3 c5 20. Ne2 Bf5 21. Rxd8+ Rxd8 22. Rxd8+ Kxd8 23. c4 Nxe5 24. Bb2 f6 25. g4 Bd3 26. Nf4 Bb1 27. a3 Ba2 28. Ne6+ Ke7 29. Nxg7 Bxb3 30. Nf5+ Ke6 31. Bc1 Bxc4 32. Bxh6 Bd3 33. Ne3 c4 34. f4 Nf3+ 35. Kf2 Nd4 36. Nd1 b5 37. Nc3 Kf7 38. f5 a6 39. Bf4 Nc2 40. Nb1 Nd4 41. Nc3 c6 42. Bc7 Nc2 43. Nb1 Na1 44. Nc3 Nb3 45. Ke3 Na1 46. Kf2 Ke7 47. h4 Nc2 48. Nb1 Kf7 49. Ba5 c5 50. Bb6 Na1 51. Nc3 b4 52. axb4 cxb4 53. Nd5 c3 54. Nxb4 Be4 55. Bd4 c2 56. Na2 1/2-1/2

[Event "Oberliga Nord O 1819"]
[Site "Germany"]
[Date "2018.12.16"]
[Round "4.3"]
[White "Dimitrijeski, Kristian"]
[Black "Lerch, Philipp"]
[Result "1/2-1/2"]
[WhiteElo "2154"]
[BlackElo "2311"]
[PlyCount "105"]
[EventDate "2018.10.21"]
[EventType "team-tourn"]
[EventRounds "9"]
[EventCountry "GER"]
[SourceTitle "EXT 2020"]
[Source "ChessBase"]
[SourceDate "2019.10.17"]
[SourceVersion "1"]
[SourceVersionDate "2019.10.17"]
[SourceQuality "1"]
[WhiteTeam "Koenig Tegel II"]
[BlackTeam "Kreuzberg"]
[WhiteTeamCountry "GER"]
[BlackTeamCountry "GER"]

1. d4 Nf6 2. c4 b6 3. Nc3 Bb7 4. Bg5 h6 5. Bh4 g5 6. Bg3 d6 7. f3 Nbd7 8. e4 e5 9. d5 h5 10. h4 g4 11. Be2 Rg8 12. fxg4 hxg4 13. h5 Bh6 14. Bh4 a6 15. Bd3 Qe7 16. Nge2 0-0-0 17. Ng3 Bg5 18. Bxg5 Rxg5 19. Qd2 Nh7 20. 0-0-0 f6 21. Rdf1 Rh8 22. Nd1 Qe8 23. Ne3 Kb8 24. Nef5 Nc5 25. Bc2 Bc8 26. Nh4 Rhg8 27. Qe3 Qd8 28. b4 Nb7 29. Kb2 Bd7 30. a3 c5 31. dxc6 Bxc6 32. Nhf5 Qc7 33. Bb3 Rc8 34. Rd1 Be8 35. Rc1 Bf7 36. Qe2 a5 37. Ne3 axb4 38. axb4 Rgg8 39. Nxg4 Be6 40. Nf5 Bxf5 41. exf5 d5 42. cxd5 Qd6 43. Rxc8+ Rxc8 44. Qd2 Ng5 45. h6 e4 46. Rc1 Rxc1 47. Kxc1 Qg3 48. Ne3 Nd6 49. Qd4 Ka7 50. Qa1+ Kb8 51. Qd4 Ka7 52. Qa1+ Kb8 53. Qd4 1/2-1/2

[Event "Oberliga Nord O 1718"]
[Site "Germany"]
[Date "2018.04.15"]
[Round "9.5"]
[White "Dimitrijeski, Kristian"]
[Black "Venske, Kai Gerrit"]
[Result "1/2-1/2"]
[WhiteElo "2184"]
[BlackElo "2183"]
[PlyCount "161"]
[EventDate "2017.10.08"]
[EventType "team-tourn"]
[EventRounds "9"]
[EventCountry "GER"]
[SourceTitle "EXT 2019"]
[Source "ChessBase"]
[SourceDate "2018.10.10"]
[SourceVersion "1"]
[SourceVersionDate "2018.10.10"]
[SourceQuality "1"]
[WhiteTeam "Berlin Tegel II"]
[BlackTeam "Berlin Weisse Dame"]
[WhiteTeamCountry "GER"]
[BlackTeamCountry "GER"]

1. d4 f5 2. g3 Nf6 3. Bg2 g6 4. Nh3 Bg7 5. Nf4 Nc6 6. 0-0 0-0 7. Nc3 e5 8. dxe5 Nxe5 9. Be3 d6 10. Nfd5 c6 11. Nxf6+ Qxf6 12. Bd4 Nf3+ 13. Bxf3 Qxd4 14. Qxd4 Bxd4 15. Rfd1 Be5 16. e3 Be6 17. Ne2 Rad8 18. c3 g5 19. Nd4 Bc8 20. Bg2 f4 21. exf4 gxf4 22. Re1 h5 23. Nf3 fxg3 24. hxg3 Bf6 25. Re3 Rfe8 26. Rae1 Rxe3 27. Rxe3 Kf7 28. Kf1 a5 29. a3 Be6 30. Nd4 Bxd4 31. cxd4 Bc4+ 32. Kg1 Rh8 33. Re4 Bd5 34. Rf4+ Ke6 35. Bh3+ Ke7 36. Bf1 b5 37. Be2 b4 38. axb4 axb4 39. Rh4 Ra8 40. f4 Ra2 41. Rxh5 Rxb2 42. Rh7+ Kd8 43. Kf1 b3 44. Bd3 Rd2 45. Bf5 Rxd4 46. Rd7+ Ke8 47. Rb7 c5 48. Rb8+ Ke7 49. Ke2 c4 50. Rb4 Kf6 51. Bh7 Be6 52. Ke3 Rd1 53. g4 Bxg4 54. Rxc4 Bf5 55. Bxf5 Kxf5 56. Rb4 Rh1 57. Rb5+ Kf6 58. Kd4 Rh3 59. Kc4 Ke6 60. Rxb3 d5+ 61. Kb4 Rh4 62. Rf3 Kf5 63. Kc3 Ke4 64. Rd3 Rh5 65. Rd4+ Ke3 66. Rd3+ Ke4 67. Rd4+ Ke3 68. Rd3+ Kxf4 69. Kd2 Rh2+ 70. Kd1 Ke4 71. Rb3 Rg2 72. Ra3 Rf2 73. Rb3 d4 74. Ra3 Rh2 75. Rb3 Kd5 76. Ra3 Rg2 77. Rh3 Ra2 78. Rg3 Kc4 79. Rh3 Rg2 80. Rf3 d3 81. Rf8 1/2-1/2

[Event "Oberliga Nord O 1718"]
[Site "Germany"]
[Date "2018.01.21"]
[Round "5.4"]
[White "Dimitrijeski, Kristian"]
[Black "Franzke, Alexander"]
[Result "1-0"]
[WhiteElo "2184"]
[BlackElo "2009"]
[PlyCount "127"]
[EventDate "2017.10.08"]
[EventType "team-tourn"]
[EventRounds "9"]
[EventCountry "GER"]
[SourceTitle "EXT 2019"]
[Source "ChessBase"]
[SourceDate "2018.10.10"]
[SourceVersion "1"]
[SourceVersionDate "2018.10.10"]
[SourceQuality "1"]
[WhiteTeam "Berlin Tegel II"]
[BlackTeam "Cottbus Lokomotive"]
[WhiteTeamCountry "GER"]
[BlackTeamCountry "GER"]

1. d4 c5 2. d5 d6 3. c4 g6 4. Nf3 Bg7 5. e4 e6 6. Nc3 Ne7 7. Be2 h6 8. 0-0 Bxc3 9. bxc3 e5 10. Ne1 g5 11. g3 Bh3 12. Ng2 Nd7 13. Bg4 Bxg4 14. Qxg4 Rg8 15. Qe2 Qa5 16. Bd2 0-0-0 17. Rfb1 Qa4 18. Ne3 Nb6 19. Rb3 Rdf8 20. Bc1 Kb8 21. Rab1 f5 22. exf5 Nxf5 23. Ra3 Qd7 24. Nxf5 Rxf5 25. Be3 h5 26. Rab3 g4 27. Rb5 Rf7 28. Ra1 Qf5 29. Re1 Qe4 30. Bxc5 Qxc4 31. Bxd6+ Ka8 32. Qxc4 Nxc4 33. Bc5 Rc8 34. Be3 Rd7 35. Rd1 Nxe3 36. fxe3 Rxc3 37. Rb3 Rc4 38. Rbd3 Kb8 39. d6 Rc2 40. Rd5 Rxa2 41. Rxe5 b6 42. e4 Re2 43. Re8+ Kb7 44. e5 Rf7 45. Rf1 Rxf1+ 46. Kxf1 Rd2 47. Re7+ Kc6 48. Rxa7 b5 49. Rc7+ Kb6 50. Rc1 b4 51. Rc8 Kb5 52. Ke1 Rd5 53. Kf2 b3 54. Rb8+ Kc4 55. e6 Rxd6 56. e7 Rf6+ 57. Kg2 Re6 58. e8Q Rxe8 59. Rxe8 b2 60. Rb8 Kc3 61. Kf2 Kc2 62. Ke3 b1Q 63. Rxb1 Kxb1 64. Kf4 1-0

[Event "Berlin Lichtenberger op 16th"]
[Site "Berlin"]
[Date "2017.08.27"]
[Round "9"]
[White "Dimitrijeski, Kristian"]
[Black "Buttkus, Andree"]
[Result "1-0"]
[WhiteElo "2182"]
[BlackElo "2031"]
[PlyCount "63"]
[EventDate "2017.08.19"]
[EventType "swiss"]
[EventRounds "9"]
[EventCountry "GER"]
[SourceTitle "CBM 180 Extra"]
[Source "ChessBase"]
[SourceDate "2017.10.06"]
[SourceVersion "1"]
[SourceVersionDate "2017.10.06"]
[SourceQuality "1"]

1. d4 Nf6 2. c4 e6 3. Nc3 Bb4 4. Qc2 0-0 5. Nf3 d5 6. cxd5 exd5 7. Bg5 h6 8. Bh4 c5 9. e3 Nbd7 10. Bd3 c4 11. Bf5 Qa5 12. 0-0 Re8 13. Nd2 Bf8 14. e4 dxe4 15. Bxd7 Nxd7 16. Nxc4 Qf5 17. Rfe1 b5 18. Ne3 Qh5 19. Bg3 Bb7 20. Ne2 Rac8 21. Qb3 b4 22. Nf4 Qb5 23. Rac1 Nb6 24. Ng6 Rxc1 25. Rxc1 Nd5 26. Nxf8 Nxe3 27. fxe3 Bd5 28. Qd1 Rxf8 29. Rc5 Qb7 30. Qc2 Rd8 31. b3 Qb6 32. Bc7 1-0

[Event "Berlin Lichtenberger op 16th"]
[Site "Berlin"]
[Date "2017.08.26"]
[Round "8"]
[White "Pueschel, Werner"]
[Black "Dimitrijeski, Kristian"]
[Result "1/2-1/2"]
[WhiteElo "1998"]
[BlackElo "2182"]
[PlyCount "66"]
[EventDate "2017.08.19"]
[EventType "swiss"]
[EventRounds "9"]
[EventCountry "GER"]
[SourceTitle "CBM 180 Extra"]
[Source "ChessBase"]
[SourceDate "2017.10.06"]
[SourceVersion "1"]
[SourceVersionDate "2017.10.06"]
[SourceQuality "1"]

1. e4 e5 2. Nf3 Nc6 3. c3 d5 4. Qa4 f6 5. d3 Bc5 6. b4 dxe4 7. dxe4 Bb6 8. Bc4 Bg4 9. Qb3 Nge7 10. Bf7+ Kf8 11. a4 a6 12. Nbd2 g6 13. 0-0 Kg7 14. h3 Bd7 15. Nc4 Rf8 16. Nxb6 cxb6 17. Bc4 Qc7 18. Bb2 Rac8 19. Rfd1 Rfd8 20. Rd2 Nb8 21. Be6 Bxe6 22. Qxe6 Rxd2 23. Nxd2 Nbc6 24. Nf1 Rd8 25. b5 Na5 26. Ba3 Ng8 27. Bb4 Nc4 28. bxa6 bxa6 29. a5 bxa5 30. Ba3 Nxa3 31. Rxa3 Qc5 32. Qa2 Rd1 33. Rxa5 Qxc3 1/2-1/2

[Event "Berlin Lichtenberger op 16th"]
[Site "Berlin"]
[Date "2017.08.19"]
[Round "1"]
[White "Dimitrijeski, Kristian"]
[Black "Bartoszewski Reiski, Olaf"]
[Result "1/2-1/2"]
[WhiteElo "2182"]
[BlackElo "1740"]
[PlyCount "77"]
[EventDate "2017.08.19"]
[EventType "swiss"]
[EventRounds "9"]
[EventCountry "GER"]
[SourceTitle "CBM 180 Extra"]
[Source "ChessBase"]
[SourceDate "2017.10.06"]
[SourceVersion "1"]
[SourceVersionDate "2017.10.06"]
[SourceQuality "1"]

1. d4 Nf6 2. c4 g6 3. Nc3 Bg7 4. e4 d6 5. Nf3 0-0 6. Be2 Nbd7 7. 0-0 e5 8. d5 Nc5 9. Qc2 a5 10. Bg5 h6 11. Bh4 g5 12. Bg3 Nh5 13. Nd2 Nf4 14. f3 h5 15. b3 h4 16. Bf2 f5 17. Bxc5 dxc5 18. exf5 Bxf5 19. Nde4 Qe8 20. Rad1 Qg6 21. Bd3 g4 22. fxg4 Bxg4 23. Rde1 Nxd3 24. Qxd3 Bf5 25. Qe2 b6 26. Nb5 h3 27. g3 Bxe4 28. Rxf8+ Rxf8 29. Qxe4 Qf7 30. Qe2 Qd7 31. Rf1 Rxf1+ 32. Qxf1 Qg4 33. Kf2 Bh6 34. Qe2 Qf5+ 35. Qf3 Qc2+ 36. Qe2 Qf5+ 37. Qf3 Qc2+ 38. Qe2 Qf5+ 39. Qf3 1/2-1/2

[Event "Berlin-ch MT"]
[Site "Berlin"]
[Date "2017.04.17"]
[Round "9"]
[White "Dimitrijeski, Kristian"]
[Black "Brustkern, Juergen"]
[Result "1/2-1/2"]
[WhiteElo "2172"]
[BlackElo "2220"]
[PlyCount "40"]
[EventDate "2017.04.10"]
[EventType "swiss"]
[EventRounds "9"]
[EventCountry "GER"]
[SourceTitle "CBM 189 Extra"]
[Source "ChessBase"]
[SourceDate "2019.06.03"]
[SourceVersion "1"]
[SourceVersionDate "2019.06.03"]
[SourceQuality "1"]

1. d4 Nf6 2. c4 g6 3. Nc3 Bg7 4. e4 d6 5. Nf3 0-0 6. Be2 Nbd7 7. 0-0 e5 8. d5 Nh5 9. Bg5 Bf6 10. Bh6 Re8 11. g3 Ng7 12. Be3 Be7 13. Ne1 f5 14. Nd3 Nf6 15. Bf3 fxe4 16. Nxe4 Nxe4 17. Bxe4 Nf5 18. Qd2 a5 19. Bg2 Bd7 20. b3 Bf6 1/2-1/2

[Event "Berlin-ch MT"]
[Site "Berlin"]
[Date "2017.04.16"]
[Round "8"]
[White "Meister, Jakob"]
[Black "Dimitrijeski, Kristian"]
[Result "1/2-1/2"]
[WhiteElo "2429"]
[BlackElo "2172"]
[PlyCount "59"]
[EventDate "2017.04.10"]
[EventType "swiss"]
[EventRounds "9"]
[EventCountry "GER"]
[SourceTitle "CBM 189 Extra"]
[Source "ChessBase"]
[SourceDate "2019.06.03"]
[SourceVersion "1"]
[SourceVersionDate "2019.06.03"]
[SourceQuality "1"]

1. e4 e5 2. Bc4 Nf6 3. d3 Bc5 4. Nc3 d6 5. Na4 Bb6 6. Nxb6 axb6 7. f4 exf4 8. Bxf4 0-0 9. Nf3 d5 10. exd5 Nxd5 11. Bxd5 Qxd5 12. Bxc7 Re8+ 13. Kf1 Nc6 14. h3 Rxa2 15. Rxa2 Qxa2 16. Kf2 Qxb2 17. Qb1 Qc3 18. Bxb6 Be6 19. Re1 Nb4 20. Re2 Bd7 21. Rxe8+ Bxe8 22. Qe1 Qxc2+ 23. Kg1 Qa4 24. d4 Nd5 25. Bc5 b6 26. Bd6 Qd7 27. Qe5 Qe6 28. Qxe6 fxe6 29. Ne5 b5 30. Nd3 1/2-1/2